000 00752nam a2200193 a 4500
001 000039828
005 20201002033746.0
008 130724s2012 dr 000 0 spa d
020 _a9789945455656
040 _aDO-SdBNP
_bspa
_cBNPHU
100 1 _aFigarella García, Frances V.
_965261
245 1 0 _aDe " ¡Escucha! ¡Copia! ¡Repite!" a "Investiga! ¡Comparte! ¡Crea! :
_bel enfoque constructivista y las interaciones en la sala de clases /
_cFrances V. Figarella García.
250 _a2a ed.
260 _aSanto Domingo :
_bIsla Negra,
_c2012.
300 _a107 p. ;
_c23 cm.
500 _aIncluye datos biográficos del autor en la solapa de la cubierta
500 _aIncluye notas al pie de las páginas
504 _aBibliografía : p. 97-107
999 _c39318
_d39318